000 00737nam a2200289Ia 4500
005 20260324120507.0
008 008 260324s9999 xx 000 0 eng d
020 _a9780203564370
037 _aEBOOK
040 _aCRL
040 _beng
040 _cCRL
041 _2eng
041 _aeng
084 _qCRL
100 _aStephen Hilgartner; Clark Miller; Rob Hagendijk
_91158798
245 0 _aScience and Democracy
245 0 _bMaking Knowledge and Making Power in the Biosciences and Beyond
260 _bTaylor and Francis
260 _c2015
365 _a
365 _b255
856 _uhttp://www.taylorfrancis.com/books/9780203564370
942 _cEBOOK
999 _c1750360
_d1750360